00992 2200337 4500001002100000005001500021035002000036008004100056020002200097041000700119082000800126090001400134100001300148245002400161260003500185300002600220084001400246650001000260990003200270990003200302990003200334990003200366990003200398990003200430990003200462990003200494990003200526990003200558990003200590990003200622INLIS00000000003244020260415101138 a0010-1224032440260415 d 1 ind  a978-623-6456-14-9 aid a813 a813 SAS a0 aSasyamrn1 aALISTER /cSasyamrn aDepok. :bCoconut Books,c2022 a360 halaman ;c21 cm, a813 SAS a 4aFiksi a1.3.5.01.001.001.012.001789 a1.3.5.01.001.001.012.001816 a1.3.5.01.001.001.012.001804 a1.3.5.01.001.001.012.001795 a1.3.5.01.001.001.012.001813 a1.3.5.01.001.001.012.001807 a1.3.5.01.001.001.012.001801 a1.3.5.01.001.001.012.001810 a1.3.5.01.001.001.012.001792 a1.3.5.01.001.001.012.001786 a1.3.5.01.001.001.012.001819 a1.3.5.01.001.001.012.001798